000 01609nam a2200457 i 4500
001 40477
003 KOSZ 005
005 20220726093331.0
008 020228s2001 pl a |000 0 pol
015 _aUWD 2002/5946
020 _a8391282147
035 _a991017793729705066
035 _a(PL-WaBN)b1481545x-48omnis_nlop
035 _ab1481545x
035 _a(OCoLC)750509673
035 _axx001790399
035 _a(PL)b0000001481545
035 _a(EXLNZ-48OMNIS_NETWORK)9910047851705606
040 _aWA N
_cWA N
_dKOSZ 005/HR
046 _k2001
080 _a342.25(438)
100 1 _aDoganowski, Roman
_eAutor
245 1 0 _aUstrój i zadania samorządu terytorialnego /
_cRoman Doganowski ; Wyższa Szkoła Zawodowa Administracji Publicznej w Sulechowie.
250 _aStan prawny aktualny na dzień 31 lipca 2001 r.
260 _aSulechów :
_bWSAP,
_c2001.
300 _a145 s. :
_bmapy ;
_c24 cm.
336 _aTekst
_btxt
_2rdacontent
337 _aBez urządzenia pośredniczącego
_bn
_2rdamedia
338 _aWolumin
_bnc
_2rdacarrier
380 _aKsiążki
388 _a2001-
504 _aBibliogr. Wykaz aktów prawnych.
650 7 _aSamorząd terytorialny
_2DBN
650 7 _aPrawo samorządu terytorialnego
651 7 _aPolska
658 _aPrawo i wymiar sprawiedliwości
710 2 _aPaństwowa Wyższa Szkoła Zawodowa (Sulechów)
856 _uhttp://koha.tu.koszalin.pl/cgi-bin/koha/opac-detail.pl?biblionumber=40477
_yKatalog online BPK
942 _2UKD
_cKS
999 _c40477
_d40477